Southeast Asia Flag Quiz - Statistics

General Stats
  • This quiz has been taken 162 times
  • The average score is 9 of 11
Answer Stats
Picture Answer % Correct
Philippines
98%
Indonesia
94%
Singapore
86%
Malaysia
83%
Brunei
77%
East Timor
77%
Cambodia
74%
Vietnam
73%
Thailand
71%
Laos
69%
Myanmar
60%
No matching quizzes found
Score Distribution
Percent of People with Each Score
Percentile by Number Answered
Your Score History
You have not taken this quiz